National parks (Record no. 80970)

MARC details
000 -LEADER
fixed length control field 01193cad a22002055a 4500
001 - CONTROL NUMBER
control field E145902
008 - FIXED-LENGTH DATA ELEMENTS--GENERAL INFORMATION
fixed length control field 081121e20081120xxk s000 0 eng d
035 ## - SYSTEM CONTROL NUMBER
System control number (Sirsi) u145902
041 0# - LANGUAGE CODE
Language code of text/sound track or separate title eng
110 2# - MAIN ENTRY--CORPORATE NAME
Corporate name or jurisdiction name as entry element Scotland
Subordinate unit Scottish Government
9 (RLIN) 5344
245 00 - TITLE STATEMENT
Title National parks
Medium [electronic resource]
260 ## - PUBLICATION, DISTRIBUTION, ETC.
Date of publication, distribution, etc. 2008
490 ## - SERIES STATEMENT
Series statement Scottish Government News Release
Volume/sequential designation 20 November 2008
520 ## - SUMMARY, ETC.
Summary, etc. Announces the publication of the National Parks Strategic Review Report and an accompanying consultation paper which seeks views on recommendations made in the report. Includes discussion on the most appropriate type of National Park body for delivering National Park functions in Scotland, and the most appropriate employer and governance arrangements for the National Park Authorities. Deadline for comments on the consultation paper is 12 February 2009.
590 ## - LOCAL NOTE (RLIN)
Local note KA
651 #4 - SUBJECT ADDED ENTRY--GEOGRAPHIC NAME
Geographic name Scotland
Chronological subdivision 1999-
690 ## - LOCAL SUBJECT ADDED ENTRY--TOPICAL TERM (OCLC, RLIN)
Topical term or geographic name as entry element ENVIRONMENTAL AND LAND CONSULTANCY-ENVIRONMENTAL MANAGEMENT-ENVIRONMENTAL CONSERVATION-LANDSCAPE CONSERVATION
856 48 - ELECTRONIC LOCATION AND ACCESS
Uniform Resource Identifier <a href="https://www.scotland.gov.uk/News/Releases/2008/11/20111002">https://www.scotland.gov.uk/News/Releases/2008/11/20111002</a>
Public note View the news release and accompanying documents at www.scotland.gov.uk...
942 ## - ADDED ENTRY ELEMENTS (KOHA)
Suppress in OPAC 0
Holdings
Withdrawn status Lost status Source of classification or shelving scheme Damaged status Not for loan Home library Current library Shelving location Date acquired Total Checkouts Full call number Barcode Date last seen Copy number Price effective from Koha item type
    Dewey Decimal Classification     Virtual Virtual Online 21/11/2008   ONLINE PUBLICATION 145902-2001 06/08/2019 1 06/08/2019 Journal article